000 01590nam a2200373 a 4500
001 0000377
003 DO-SdBNP
005 20180309130438.0
007 0000377
008 150817s2012 ac 000 spa d
020 _a9789945116281
040 _aBPMSU
_bspa
_cBPMSU
082 _a372.61
_bM778e, 7mo. 2012
100 _aMontero, Jenny
245 1 0 _aEspañol 7 /
_beducación básica
_cJenny Montero, María Isabel Incháustegui ; ilustración Ruddy Núñez ; dirección editorial Obdulia García de Escobar
260 _aSanto Domingo :
_bSantillana,
_c2012.
300 _av. :
_bil. retrs.
_c30 cm.
490 1 _aInnova
500 _aIncluye libro de texto y guía, recursos didácticos para el profesorado.
505 1 _tNuesta identidad en imágenes --
_tHagamos ecoturismo --
_tPromover la paz internacional --
_tNuestras ricas comidas --
_tRealidades transformadas --
_tNueva esperanza para especies... --
_tInterpretar la publicidad con ojo crítico --
_tAsí se canta en Latinoamérica --
_tConectar con igualdad --
_tMi barrio joven --
650 _aGRAMÁTICA
_xENSEÑANZA BÁSICA
650 _aGRAMÁTICA
_xEDUCACIÓN PRIMARIA
650 _aEDUCACIÓN PRIMARIA
_zREPÚBLICA DOMINICANA
650 _aGRAMÁTICA
_xLIBROS DE TEXTO
650 _aGRAMÁTICA
_xESTUDIOS Y EJERCICIOS
700 1 _aNúñez, Ruddy
_eil.
700 1 _aIncháustegui, María Isabel
700 1 _aGarcía de Escobar, Obdulia
_edir. ed.
830 0 _pInnova
910 _a00144
942 _2ddc
_cBK
945 _aRemanejado para la BNPHU / 2018 BT
956 _aYngrid Lockward
_b10
999 _c10021
_d10021